[Event "Remote email"]
[Site "Remote email"]
[Date "2013.02.24"]
[Round "?"]
[White "Guedaa, Mohamed"]
[Black "Biskopp, Wolf Ulrich"]
[Result "0-1"]
[WhiteElo "2000"]
[BlackElo "2256"]
[PlyCount "62"]
[EventDate "2013.??.??"]
[EventType "tourn (corr)"]
[EventRounds "6"]
[EventCountry "GER"]
[SourceTitle "Corr 2015"]
[Source "ChessBase"]
[SourceDate "2015.07.17"]
[SourceVersion "1"]
[SourceVersionDate "2015.07.17"]
[SourceQuality "1"]

1. Nf3 g6 2. d4 Bg7 3. g3 Nf6 4. Bg2 d5 5. 0-0 c6 6. Nc3 0-0 7. Bg5 Nbd7 8. Rb1 h6 9. Bxf6 Nxf6 10. e3 Bf5 11. a3 Qc7 12. Nh4 Bg4 13. f3 Bd7 14. Bh1 e5 15. Ng2 Ne8 16. Ne2 exd4 17. exd4 Nd6 18. c3 Nc4 19. f4 Rfe8 20. Re1 Bf5 21. Rc1 Nxb2 22. Qd2 Nd3 23. Nh4 Nxc1 24. Qxc1 Bd3 25. Qd2 Bxe2 26. Rxe2 Rxe2 27. Qxe2 Qa5 28. Qb2 Re8 29. Ng2 Qa6 30. Kf2 c5 31. dxc5 Bxc3 0-1

[Event "Remote email"]
[Site "Remote email"]
[Date "2013.01.01"]
[Round "?"]
[White "Guedaa, Mohamed"]
[Black "Klein, Werner"]
[Result "0-1"]
[WhiteElo "1858"]
[BlackElo "1730"]
[PlyCount "122"]
[EventDate "2013.??.??"]
[EventType "tourn (corr)"]
[EventRounds "6"]
[EventCountry "GER"]
[SourceTitle "Corr 2015"]
[Source "ChessBase"]
[SourceDate "2015.07.17"]
[SourceVersion "1"]
[SourceVersionDate "2015.07.17"]
[SourceQuality "1"]

1. Nf3 d5 2. d4 Nf6 3. g3 e6 4. Bg2 Be7 5. 0-0 0-0 6. Nc3 c5 7. e3 a6 8. b3 b5 9. Bb2 Nc6 10. Rb1 Rb8 11. Ne2 a5 12. a3 b4 13. axb4 axb4 14. Nc1 Ba6 15. Re1 c4 16. Qe2 e5 17. dxe5 Ne4 18. bxc4 Bxc4 19. Nd3 b3 20. Ba1 Nb4 21. c3 Na2 22. Nd2 Nexc3 23. Bxc3 Nxc3 24. Qf1 Nxb1 25. Rxb1 f6 26. Nf3 d4 27. exd4 Rb6 28. exf6 Bxf6 29. Qd1 Bxd4 30. Nde5 Rd6 31. Qe1 Re8 32. Qc1 Be2 33. Rxb3 Bxe5 34. Qc5 Rd1+ 35. Bf1 Rxf1+ 36. Kg2 Qa8 37. Qc2 Re1 38. Re3 Bf6 39. Rxe8+ Qxe8 40. Nxe1 Qa8+ 41. Kg1 Qa6 42. h3 h5 43. Qb3+ Bc4 44. Qb8+ Kh7 45. Qb1+ g6 46. Nf3 Be2 47. Nd2 Qa7 48. Ne4 Bd4 49. h4 Qe7 50. Ng5+ Kg7 51. Qb3 Bg4 52. Kg2 Bf6 53. Nf3 Qe4 54. Qe3 Qe7 55. Qxe7+ Bxe7 56. Nd4 Kf6 57. f3 Bd7 58. Kf1 Ke5 59. Ne2 Bh3+ 60. Ke1 Bb4+ 61. Kd1 Bg2 0-1

[Event "Remote email"]
[Site "Remote email"]
[Date "2012.10.17"]
[Round "?"]
[White "Guedaa, Mohamed"]
[Black "Varizerl, Varizerl"]
[Result "0-1"]
[WhiteElo "2000"]
[BlackElo "2108"]
[PlyCount "50"]
[EventDate "2012.??.??"]
[EventType "tourn (corr)"]
[EventRounds "6"]
[EventCountry "GER"]
[SourceTitle "Corr 2015"]
[Source "ChessBase"]
[SourceDate "2015.07.17"]
[SourceVersion "1"]
[SourceVersionDate "2015.07.17"]
[SourceQuality "1"]

1. c4 e5 2. Nc3 Nf6 3. e4 Bc5 4. d3 d6 5. Bg5 0-0 6. Nf3 c6 7. g3 h6 8. Bxf6 Qxf6 9. Bg2 a5 10. 0-0 Bg4 11. b3 Nd7 12. h3 Bh5 13. g4 Bg6 14. Nh2 Rfe8 15. Rc1 Ba3 16. Rc2 Nc5 17. Ne2 Bb4 18. f4 a4 19. fxe5 Qd8 20. exd6 Qxd6 21. Nf4 Rad8 22. Nxg6 Nxd3 23. Nh4 axb3 24. axb3 Qc5+ 25. Rff2 Nxf2 0-1